000 00313 a2200109 4500
001 ART_7142
005 20260410161700.0
008 260409a
245 1 0 _aNotas sobre variedades de crisis
100 1 _aHeymann, Daniel
773 0 _tEnsayos Económicos
_g- Nº 53/54 (ene./jun. 2009)
_wREV620
999 _c15049
_d15049